000
00290nam a22001337a 4500
008
171009b xxu||||| |||| 00| 0 eng d
020
_a
0471015229
041
_a
eng
080
_a
159.9
100
_a
49
101
_a
PSI
245
_a
MAKING SYSTEMS WORK
_c
RAMSGARD,W.C
942
_2
udc
_c
BK
999
_c
32491
_d
32491